000 01374nam0a2200337 i 4500
001 RU\NLR\bibl\1965436
005 20241103054510.0
010 _a9785919650720
_9500
021 _aRU
_b2012-80012
_95937
035 _a(nilc)LIBNET\0000283590
035 _a(NLR Aleph) 001954377
090 _a3739053
_c3739053
100 _a20121019d2012 u y0rusy50 ca
101 0 _arus
102 _aRU
105 _ay |||||||||
200 1 _aТанатология
_eпримеры выводов в заключении эксперта
_e[руководство для врачей]
_fА.А. Гуричев, В.Г. Пестерев
210 _aВологда
_cПолиграф-Периодика
_d2012
215 _a287 с.
_d17
320 _aБиблиогр. в тексте
606 _aСудебная танатология
_jРуководства, пособия и т.п.
_92124724
_3RU\NLR\auth\661586343
686 _a58.1
_vLBC/M
_2rubbk
686 _aР811.4я7
700 1 _aГуричев
_bА. А.
_gАрсений Александрович
_4070
701 1 _aПестерев
_bВ. Г.
_gВадим Геннадьевич
_4070
801 0 _aRU
_bВологодская ОУНБ
_c20121019
_grcr
801 1 _aRU
_bВологодская ОУНБ
_c20121019
_grcr
_2rusmarc
801 2 _aRU
_bNLR
_c20121109
_grcr
942 _cBOOK
980 _aNBR